| 000 | 00392nam a2200157Ia 4500 | ||
|---|---|---|---|
| 008 | 230917s9999||||xx |||||||||||||| ||und|| | ||
| 020 | _cRS0.2 | ||
| 040 |
_e12563 _aMAIN |
||
| 041 | _aEnglish | ||
| 082 | _a301.426 R18F | ||
| 100 | _aRao, N Baskara | ||
| 245 | 0 | _aFamily planning in India: A case study of Karnataka | |
| 260 |
_aNew Delhi _bVikas _c1976 |
||
| 300 | _a71 p. | ||
| 942 | _cBK | ||
| 999 |
_c190066 _d190066 |
||